[Event "21st World Senior Chess Championship-w"]
[Site "Opatija"]
[Date "2011.11.15"]
[Round "1.4"]
[White "Abolina, Arija-Solveiga"]
[Black "Strutinskaya, Galina N"]
[Result "0-1"]
[WhiteElo "1924"]
[BlackElo "2277"]
[PlyCount "90"]
[EventDate "2011.11.15"]

1. c4 e5 2. Nc3 Bb4 3. g3 Bxc3 4. bxc3 Nc6 5. Bg2 Nge7 6. e4 d6 7. Ne2 Be6 8.
d3 Qd7 9. f4 f5 10. O-O O-O 11. d4 Bxc4 12. dxe5 Rad8 13. exd6 cxd6 14. Rf2
fxe4 15. Bxe4 d5 16. Bg2 Nf5 17. Nd4 Ncxd4 18. cxd4 b5 19. Ba3 Rf6 20. Qd2 Qc7
21. Bc5 a5 22. a3 Nd6 23. Re1 Rf7 24. Re5 Nb7 25. Qe3 Nxc5 26. dxc5 d4 27. Re8+
Rf8 28. Rxf8+ Kxf8 29. Qe5 Qxe5 30. fxe5+ Ke7 31. c6 b4 32. axb4 axb4 33. Rd2
b3 34. c7 Rc8 35. Rxd4 Rxc7 36. Rd2 Ke6 37. Kf2 Kxe5 38. Ke3 Ra7 39. Be4 g6 40.
Bb1 Rf7 41. Rd4 Rf3+ 42. Kxf3 Kxd4 43. Kf4 Bd3 44. Kg5 Bxb1 45. Kh6 b2 0-1

[Event "21st World Senior Chess Championship-w"]
[Site "Opatija"]
[Date "2011.11.15"]
[Round "1.5"]
[White "Saunina, Ludmila"]
[Black "Kierzek, Mira"]
[Result "1-0"]
[WhiteElo "2274"]
[BlackElo "2023"]
[PlyCount "107"]
[EventDate "2011.11.15"]

1. e4 c6 2. Nf3 d5 3. Nc3 g6 4. d4 dxe4 5. Nxe4 Bg7 6. Bc4 Nf6 7. Nxf6+ Bxf6 8.
Bh6 Qa5+ 9. Bd2 Qb6 10. O-O O-O 11. Bc3 Bg4 12. Re1 e6 13. Re4 Bf5 14. Re3 Bg4
15. Qd2 Bxf3 16. Rxf3 Bg7 17. Rh3 Nd7 18. Rd1 Nf6 19. Bb4 Rfe8 20. c3 Qc7 21.
a4 Rad8 22. Qc1 Nd5 23. Ba3 a6 24. Rf3 e5 25. dxe5 Rxe5 26. g3 Qd7 27. Bf1 Qg4
28. Rf4 Qg5 29. Rfd4 Qxc1 30. Rxc1 Rde8 31. Rd3 Bf8 32. c4 Nf6 33. b4 Re1 34.
Rdd1 Rxd1 35. Rxd1 a5 36. Bb2 Kg7 37. g4 g5 38. h4 h6 39. hxg5 hxg5 40. bxa5
Bb4 41. Kg2 Bxa5 42. Rd7 b6 43. Bd3 Re6 44. Rb7 c5 45. Kf3 Kf8 46. Bf5 Rc6 47.
Bc1 Bc3 48. Bxg5 Be5 49. Bh6+ Ke8 50. g5 Rd6 51. gxf6 Rxf6 52. Ke4 Rxh6 53.
Kxe5 Kf8 54. f3 1-0

[Event "21st World Senior Chess Championship - w"]
[Site "Rijeka"]
[Date "2011.??.??"]
[Round "1.8"]
[White "Shushpanova, Nina"]
[Black "Khmiadashvili, Tamar"]
[Result "0-1"]
[WhiteElo "1946"]
[BlackElo "2166"]
[PlyCount "44"]
[EventDate "2011.11.15"]

1. e4 c6 2. d4 g6 3. Nf3 Bg7 4. c3 Nh6 5. Bf4 f6 6. Bc4 b5 7. Bb3 Nf7 8. Nbd2
O-O 9. O-O d5 10. exd5 cxd5 11. Re1 g5 12. Bg3 Nc6 13. Nf1 e6 14. Qd3 f5 15.
Be5 Bh6 16. Qxb5 Bd7 17. Qe2 g4 18. N3d2 Nfxe5 19. dxe5 Qg5 20. Rad1 Rab8 21.
f3 Be8 22. fxg4 fxg4 0-1

[Event "21st World Senior Chess Championship - w"]
[Site "Rijeka"]
[Date "2011.??.??"]
[Round "1.9"]
[White "Miednikova, Swietlana"]
[Black "Blagonadezhnaya, Ideya"]
[Result "1-0"]
[WhiteElo "2165"]
[BlackElo "1898"]
[PlyCount "83"]
[EventDate "2011.11.15"]

1. e4 c5 2. Nf3 g6 3. c3 Bg7 4. d4 cxd4 5. cxd4 Nf6 6. Nc3 d6 7. Bd3 O-O 8. O-O
Nc6 9. d5 Ne5 10. Nxe5 dxe5 11. Bg5 Bd7 12. Qd2 Re8 13. f3 a6 14. a4 Nh5 15. a5
f6 16. Be3 f5 17. Bb6 Qb8 18. Rfc1 Qd6 19. Na4 Bxa4 20. Rxa4 Rac8 21. Rac4 Rxc4
22. Rxc4 fxe4 23. Bxe4 Nf6 24. Qb4 Qxb4 25. Rxb4 Nxe4 26. fxe4 Rc8 27. Kf2 Kf7
28. Be3 Rc7 29. Rb6 Bf6 30. g4 Ke8 31. g5 Bg7 32. h4 Kd7 33. Ke2 Kc8 34. Kd3
Rd7 35. Bc5 Rc7 36. b4 Kd7 37. Re6 Ke8 38. d6 Rxc5 39. Rxe7+ Kf8 40. bxc5 h6
41. Rxb7 hxg5 42. hxg5 1-0

[Event "21st World Senior Chess Championship - w"]
[Site "Rijeka"]
[Date "2011.??.??"]
[Round "1.10"]
[White "Lein, Marina"]
[Black "Thipsay, Bagyashree Sathe"]
[Result "0-1"]
[WhiteElo "1890"]
[BlackElo "2152"]
[PlyCount "98"]
[EventDate "2011.11.15"]

1. b4 e5 2. Bb2 Bxb4 3. Bxe5 Nf6 4. Nf3 O-O 5. e3 Nc6 6. Bc3 Bc5 7. Be2 d5 8.
O-O Re8 9. d3 d4 10. exd4 Nxd4 11. Nxd4 Bxd4 12. Bxd4 Qxd4 13. Nd2 Be6 14. Nb3
Qd6 15. Bf3 c6 16. h3 Nd5 17. Qd2 Rad8 18. a4 Nb4 19. Rfb1 b6 20. Nc1 c5 21.
Ne2 Bf5 22. Ng3 Bg6 23. Re1 c4 24. Rxe8+ Rxe8 25. Re1 Rxe1+ 26. Qxe1 Nxc2 27.
Qe8+ Qf8 28. Qxf8+ Kxf8 29. dxc4 Na3 30. c5 bxc5 31. Ne4 Bxe4 32. Bxe4 Nc4 33.
f4 a5 34. Kf2 Nb6 35. Bc2 Ke7 36. Ke3 Kd6 37. g4 g6 38. Ke4 f6 39. h4 Ke6 40.
f5+ gxf5+ 41. gxf5+ Kd6 42. Bd1 h6 43. Bc2 Kc6 44. Bd1 Nc4 45. Bc2 Nd6+ 46. Kf4
Kd5 47. Bd1 Kd4 48. Bc2 Kc3 49. Bd1 Kd3 0-1

[Event "21st World Senior Chess Championship - w"]
[Site "Rijeka"]
[Date "2011.??.??"]
[Round "1.11"]
[White "Bilunova, Rimma I"]
[Black "Chireykina, Natalia"]
[Result "1-0"]
[WhiteElo "2151"]
[BlackElo "1853"]
[PlyCount "49"]
[EventDate "2011.11.15"]

1. e4 c5 2. Nf3 Nc6 3. d4 cxd4 4. Nxd4 g6 5. Nc3 Bg7 6. Be3 Nf6 7. Bc4 O-O 8.
Bb3 a5 9. f3 d5 10. exd5 Nb4 11. Nde2 a4 12. Nxa4 Nfxd5 13. Bd4 e5 14. Bc5 Bf5
15. a3 Rxa4 16. Bxa4 Na6 17. Bxf8 Bxf8 18. b4 e4 19. Bb3 exf3 20. Qxd5 fxg2 21.
Qxg2 Qh4+ 22. Qg3 Qf6 23. Rd1 Bh6 24. h4 Qc6 25. Rf1 1-0

[Event "21st World Senior Chess Championship - w"]
[Site "Rijeka"]
[Date "2011.??.??"]
[Round "1.15"]
[White "Melashvili, Nino"]
[Black "Shmyreva, Tatiana"]
[Result "1-0"]
[WhiteElo "2106"]
[BlackElo "1755"]
[PlyCount "43"]
[EventDate "2011.11.15"]

1. Nf3 d5 2. d4 g6 3. Bf4 Bg7 4. Nc3 e6 5. Qd2 Ne7 6. O-O-O Nbc6 7. Nb5 e5 8.
dxe5 Be6 9. Nbd4 O-O 10. Bh6 a6 11. h4 Re8 12. Bxg7 Kxg7 13. h5 Rh8 14. Qf4 Nf5
15. Nxc6 bxc6 16. e4 Nh6 17. Nd4 g5 18. Qg3 Bd7 19. f4 g4 20. Qc3 Qe8 21. e6
fxe6 22. Nf5+ 1-0

[Event "21st World Senior Chess Championship"]
[Site "Opatija"]
[Date "2011.11.16"]
[Round "2.1"]
[White "Vaisser, Anatloy"]
[Black "Simon, Padros Emili"]
[Result "1-0"]
[WhiteElo "2555"]
[BlackElo "2258"]
[PlyCount "62"]
[EventDate "2011.??.??"]

1. d4 e6 2. Nf3 f5 3. h3 Nf6 4. g4 Be7 5. Rg1 fxg4 6. hxg4 c5 7. e3 b6 8. Nbd2
Bb7 9. Bd3 Nc6 10. g5 Nd5 11. Nh4 d6 12. Qg4 Kd7 13. c3 Qg8 14. Ndf3 Nc7 15.
Bd2 Rf8 16. b4 cxb4 17. cxb4 Kc8 18. b5 Nd8 19. e4 Kb8 20. Ke2 g6 21. a4 Qf7
22. Be3 Bc8 23. a5 Nb7 24. axb6 axb6 25. Rgb1 Qe8 26. Qg1 Bd7 27. Qc1 d5 28.
Ne5 Na5 29. Nc6+ Bxc6 30. bxc6 Ka7 31. Qc3 Qc8 1-0

[Event "21st World Senior Chess Championship"]
[Site "Opatija"]
[Date "2011.11.16"]
[Round "2.2"]
[White "Rashkovsky, Nukhim N"]
[Black "Hammar , Bengt"]
[Result "1-0"]
[WhiteElo "2517"]
[BlackElo "2256"]
[PlyCount "59"]
[EventDate "2011.??.??"]

1. d4 Nf6 2. Nf3 g6 3. g3 Bg7 4. Bg2 O-O 5. O-O d6 6. Nc3 Nbd7 7. e4 e5 8. h3
Re8 9. Re1 c6 10. a4 a5 11. Be3 Qc7 12. Qd2 Nb6 13. b3 Bd7 14. dxe5 dxe5 15.
Bc5 Bf8 16. Qe3 Nc8 17. Bxf8 Kxf8 18. Qh6+ Kg8 19. Rad1 Nb6 20. Rd3 Be6 21.
Red1 Nbd7 22. Rd6 Qb6 23. Ng5 Nf8 24. Nd5 Bxd5 25. exd5 Nh5 26. Rd7 f6 27. dxc6
bxc6 28. g4 Ra7 29. gxh5 Rxd7 30. Rxd7 1-0

[Event "21st World Senior Chess Championship"]
[Site "Opatija"]
[Date "2011.11.16"]
[Round "2.4"]
[White "Kovacevic, Vlatko"]
[Black "Singer, Hans"]
[Result "1/2-1/2"]
[WhiteElo "2482"]
[BlackElo "2254"]
[PlyCount "56"]
[EventDate "2011.??.??"]

1. d4 d5 2. Nf3 c6 3. e3 Bf5 4. c4 e6 5. Nc3 Nd7 6. Be2 h6 7. O-O Ngf6 8. b3
Be7 9. Bb2 O-O 10. Bd3 Ne4 11. Bxe4 Bxe4 12. Nxe4 dxe4 13. Nd2 f5 14. f3 exf3
15. gxf3 c5 16. Qe2 Bf6 17. f4 Qc7 18. Nf3 Rad8 19. Rad1 Rfe8 20. Rd3 cxd4 21.
Bxd4 Bxd4 22. Rxd4 e5 23. Rd5 exf4 24. Rfd1 Nf6 25. Rxd8 Rxd8 26. Rxd8+ Qxd8
27. exf4 Ne4 28. Kg2 Qd6 1/2-1/2

[Event "21st World Senior Chess Championship"]
[Site "Opatija"]
[Date "2011.11.16"]
[Round "2.6"]
[White "Jansa, Vlastimil"]
[Black "Acers, Jude"]
[Result "1-0"]
[WhiteElo "2478"]
[BlackElo "2241"]
[PlyCount "85"]
[EventDate "2011.??.??"]

1. e4 e5 2. Nf3 Nc6 3. Bb5 f5 4. Nc3 fxe4 5. Nxe4 Nf6 6. Qe2 d5 7. Nxf6+ gxf6
8. d4 Bg7 9. dxe5 O-O 10. e6 Re8 11. Be3 Bxe6 12. O-O-O a6 13. Bxc6 bxc6 14.
Nd4 f5 15. Qf3 Qf6 16. c3 Bd7 17. Qg3 Kh8 18. Nb3 Bh6 19. Qxc7 Bxe3+ 20. fxe3
Qe6 21. Rhe1 Rac8 22. Qf4 c5 23. Nxc5 Qc6 24. Qd4+ Kg8 25. Nxd7 Qxd7 26. Qxd5+
Qxd5 27. Rxd5 f4 28. Kd2 Rb8 29. b3 Rf8 30. exf4 Rxf4 31. g3 Rf2+ 32. Re2 Rbf8
33. Rg5+ Kh8 34. Rge5 Rd8+ 35. Kc2 Rff8 36. b4 Rc8 37. Kb3 Rf3 38. Re8+ Rxe8
39. Rxe8+ Kg7 40. a4 Rf2 41. b5 axb5 42. axb5 Rxh2 43. Re4 1-0

[Event "21st World Senior Chess Championship"]
[Site "Opatija"]
[Date "2011.11.16"]
[Round "2.7"]
[White "Fucak, Emilijo"]
[Black "Suba, Mihai"]
[Result "0-1"]
[WhiteElo "2242"]
[BlackElo "2458"]
[PlyCount "76"]
[EventDate "2011.??.??"]

1. Nf3 Nf6 2. d4 e6 3. c4 c5 4. e3 d6 5. dxc5 Qa5+ 6. Qd2 Qxc5 7. b3 Nbd7 8.
Ba3 Qc7 9. Nc3 a6 10. Be2 Be7 11. g4 O-O 12. g5 Ne8 13. Rg1 b6 14. h4 Bb7 15.
h5 b5 16. g6 fxg6 17. Nd4 Rf6 18. cxb5 Nf8 19. hxg6 h6 20. Rc1 axb5 21. Ndxb5
Qd8 22. Bd3 d5 23. Bb2 e5 24. Na4 Qb8 25. f4 exf4 26. exf4 Rxf4 27. Nc7 Bh4+
28. Kd1 Rf2 29. Qb4 d4 30. Qc4+ Kh8 31. Be2 Rxe2 32. Qxe2 Nxc7 33. Bxd4 Nce6
34. Be5 Qd8+ 35. Qd2 Bf3+ 36. Kc2 Be4+ 37. Kd1 Qxd2+ 38. Kxd2 Bg5+ 0-1

[Event "21st World Senior Chess Championship"]
[Site "Opatija"]
[Date "2011.11.16"]
[Round "2.8"]
[White "Komljenovic, Davorin"]
[Black "Jadrijevic, Ante"]
[Result "1-0"]
[WhiteElo "2451"]
[BlackElo "2231"]
[PlyCount "145"]
[EventDate "2011.??.??"]

1. d4 d5 2. c4 c6 3. Nf3 Nf6 4. Nc3 dxc4 5. a4 e6 6. e4 Bb4 7. e5 Ne4 8. Qc2
Qa5 9. Bxc4 Nxc3 10. bxc3 Bxc3+ 11. Bd2 Bxd2+ 12. Nxd2 O-O 13. O-O Nd7 14. Nb3
Qc7 15. Bd3 f5 16. a5 Rd8 17. Bc4 Nf8 18. Qxf5 Rb8 19. Qe4 b6 20. Qe3 Ng6 21.
f4 Kh8 22. Bd3 Ne7 23. Qh3 g6 24. Rfc1 Qd7 25. Be4 Bb7 26. axb6 axb6 27. Qh4
Rf8 28. Ra7 Nd5 29. Rf1 Kg8 30. Rf3 Ne7 31. Qf2 Ra8 32. Rxa8 Rxa8 33. h4 Kh8
34. Kh2 Rf8 35. h5 gxh5 36. Qh4 c5 37. Bxb7 Qxb7 38. dxc5 Nf5 39. Qxh5 Rg8 40.
Qh3 bxc5 41. Nxc5 Qd5 42. Nd3 Qa2 43. Rf2 Qd5 44. Qf3 Qd8 45. Ra2 Ng3 46. Nf2
Qf8 47. Nh3 h6 48. Ra6 Qf5 49. Ra8 Nh5 50. Rxg8+ Kxg8 51. g3 Ng7 52. Nf2 Qh5+
53. Qxh5 Nxh5 54. Ng4 Kg7 55. Kg2 Kg6 56. Kf3 Ng7 57. Ne3 h5 58. Nc4 Nf5 59.
Nd6 Ne7 60. Ke4 Ng8 61. Nb7 Nh6 62. Nd8 Nf5 63. Nxe6 Nxg3+ 64. Kf3 Nf5 65. Ng5
Ng7 66. Ne4 Nf5 67. Nd6 Ng7 68. Kg3 Kh6 69. Kf3 Kg6 70. Kg3 Kh6 71. Kh3 Kg6 72.
Kh4 Kh6 73. f5 1-0

[Event "21st World Senior Chess Championship"]
[Site "Opatija"]
[Date "2011.11.16"]
[Round "2.10"]
[White "Fradkin, Boris"]
[Black "Altshul, Raffael"]
[Result "1/2-1/2"]
[WhiteElo "2445"]
[BlackElo "2222"]
[PlyCount "76"]
[EventDate "2011.??.??"]

1. d4 Nf6 2. c4 e6 3. Nf3 d5 4. g3 Bb4+ 5. Bd2 Bd6 6. Nc3 O-O 7. Bg2 c6 8. Qc2
Nbd7 9. e4 Nxe4 10. Nxe4 dxe4 11. Qxe4 e5 12. O-O Nf6 13. Qh4 exd4 14. Qxd4 Be7
15. Bc3 Qxd4 16. Nxd4 Bd7 17. Rfe1 Rfe8 18. b4 Rad8 19. b5 c5 20. Nc2 Bc8 21.
Ne3 Kf8 22. a4 Ng8 23. a5 Bf6 24. Bxf6 Nxf6 25. a6 bxa6 26. bxa6 Rd6 27. Bb7
Rb6 28. Reb1 Rxb1+ 29. Rxb1 Bd7 30. Bf3 Bc8 31. Rb5 Bxa6 32. Rxc5 Rc8 33. Ra5
Bxc4 34. Rxa7 Be6 35. Kg2 g6 36. h3 h5 37. g4 hxg4 38. hxg4 Rc5 1/2-1/2

[Event "21st World Senior Chess Championship"]
[Site "Opatija"]
[Date "2011.11.16"]
[Round "2.11"]
[White "Frick, Christoph"]
[Black "Balashov, Yuri S"]
[Result "1-0"]
[WhiteElo "2218"]
[BlackElo "2443"]
[PlyCount "66"]
[EventDate "2011.??.??"]

1. e4 c5 2. Nc3 Nc6 3. g3 g6 4. Bg2 Bg7 5. d3 d6 6. Nh3 e6 7. O-O Nge7 8. Be3
O-O 9. Qd2 Nd4 10. Bh6 Bxh6 11. Qxh6 f6 12. Qd2 e5 13. f4 Qb6 14. Nd1 c4 15.
Kh1 cxd3 16. c3 Ne6 17. Ne3 Nc5 18. f5 d5 19. fxg6 Bxh3 20. Bxh3 dxe4 21. b4
Ne6 22. Ng4 hxg6 23. Nxf6+ Kg7 24. Nxe4 Rad8 25. Rxf8 Nxf8 26. Qg5 Qc7 27. Qf6+
Kg8 28. Rf1 Nf5 29. Bxf5 gxf5 30. Rxf5 Nh7 31. Qe6+ Kh8 32. Rf7 d2 33. Nxd2 Kg8
1-0

[Event "21st World Senior Chess Championship"]
[Site "Opatija"]
[Date "2011.11.16"]
[Round "2.12"]
[White "Kuyindzhi, Alexander A"]
[Black "Trescher, Manfred"]
[Result "1-0"]
[WhiteElo "2435"]
[BlackElo "2218"]
[PlyCount "109"]
[EventDate "2011.??.??"]

1. e4 e6 2. Qe2 Be7 3. g3 d5 4. d3 dxe4 5. dxe4 e5 6. Nf3 Nc6 7. Bg2 Bg4 8. c3
Qd7 9. Nbd2 O-O-O 10. Nc4 f6 11. Ne3 Be6 12. O-O Bc5 13. Rd1 Qf7 14. Rxd8+ Nxd8
15. b4 Bxe3 16. Bxe3 Kb8 17. Nd2 Ne7 18. a4 Nc8 19. b5 Nd6 20. Bf1 h5 21. c4 h4
22. c5 Nc8 23. a5 Qh5 24. Qxh5 Rxh5 25. f4 hxg3 26. hxg3 exf4 27. gxf4 f5 28.
Bg2 fxe4 29. Nxe4 Ne7 30. Bd4 Nf5 31. Bf2 Nf7 32. Re1 Rh8 33. Ng3 Nd8 34. Nxf5
Bxf5 35. Re7 Ne6 36. b6 axb6 37. cxb6 g6 38. bxc7+ Nxc7 39. Bb6 Rc8 40. Kf2 Bd3
41. Kg3 Bb5 42. Bd4 Rd8 43. Rxc7 Kxc7 44. Bb6+ Kc8 45. Bxd8 Kxd8 46. Bxb7 Kc7
47. Be4 Be8 48. Kh4 Kb8 49. Kg5 Ka7 50. Bd3 Kb7 51. Bxg6 Bb5 52. f5 Bc4 53. f6
Kc6 54. Bd3 Bf7 55. Kh6 1-0

[Event "21st World Senior Chess Championship"]
[Site "Opatija"]
[Date "2011.11.16"]
[Round "2.13"]
[White "Gundersen, Helge"]
[Black "Zhelnin, Vladimir V"]
[Result "1/2-1/2"]
[WhiteElo "2212"]
[BlackElo "2430"]
[PlyCount "71"]
[EventDate "2011.??.??"]

1. f4 d5 2. Nf3 Nf6 3. e3 g6 4. b4 Bg7 5. Bb2 O-O 6. Be2 c6 7. O-O a5 8. a3
axb4 9. axb4 Rxa1 10. Bxa1 Qb6 11. c3 Qa7 12. Bb2 Nbd7 13. c4 Qa2 14. Qc1 Nb6
15. c5 Na4 16. Bd4 Bf5 17. Nc3 Nxc3 18. Bxc3 Ra8 19. Qa1 Ne8 20. Nd4 Bd7 21.
Qxa2 Rxa2 22. Ra1 Rxa1+ 23. Bxa1 Nc7 24. Nb3 f6 25. Na5 Bc8 26. Kf2 Kf7 27. g4
h6 28. Kg3 e5 29. Bd3 e4 30. Be2 Bf8 31. Bc3 Be7 32. h4 Bd8 33. Nb3 Ne6 34. Nd4
Nxd4 35. Bxd4 Bd7 36. Bd1 1/2-1/2

[Event "21st World Senior Chess Championship"]
[Site "Opatija"]
[Date "2011.11.16"]
[Round "2.14"]
[White "Okhotnik, Vladimir"]
[Black "Grinberg, Iosif P"]
[Result "1-0"]
[WhiteElo "2427"]
[BlackElo "2203"]
[PlyCount "71"]
[EventDate "2011.??.??"]

1. e4 e5 2. Nf3 Nc6 3. Bb5 a6 4. Ba4 Nf6 5. O-O Be7 6. Re1 b5 7. Bb3 d6 8. c3
O-O 9. d4 Bg4 10. d5 Nb8 11. h3 Bh5 12. Nbd2 Bg6 13. Nh4 Re8 14. Nxg6 hxg6 15.
Nf3 Nbd7 16. Bc2 Nc5 17. b4 Ncd7 18. a4 Nb6 19. Qe2 Nxa4 20. Bxa4 bxa4 21. Rxa4
Qc8 22. Qc4 Qb7 23. Qa2 c6 24. c4 cxd5 25. exd5 Rec8 26. Be3 Nd7 27. Nd2 Kh7
28. Ra1 f5 29. Rxa6 Rxa6 30. Qxa6 Qc7 31. b5 Bd8 32. b6 Qb8 33. b7 Rc7 34. Rb1
Nc5 35. Qa8 Nd7 36. Ba7 1-0

[Event "21st World Senior Chess Championship"]
[Site "Opatija"]
[Date "2011.11.16"]
[Round "2.15"]
[White "Titz, Heimo"]
[Black "Shvedchikov, Anatoli I"]
[Result "1/2-1/2"]
[WhiteElo "2202"]
[BlackElo "2423"]
[PlyCount "27"]
[EventDate "2011.??.??"]

1. Nf3 c5 2. b3 d5 3. e3 Nc6 4. Bb2 a6 5. Be2 Nf6 6. O-O Bg4 7. d3 e6 8. Nbd2
Be7 9. Ne5 Nxe5 10. Bxe5 Bxe2 11. Qxe2 O-O 12. Nf3 Nd7 13. Bb2 Bf6 14. c3
1/2-1/2

[Event "21st World Senior Chess Championship"]
[Site "Opatija"]
[Date "2011.11.16"]
[Round "2.16"]
[White "Rukavina, Josip"]
[Black "Jorgensen, Jorgen"]
[Result "1-0"]
[WhiteElo "2421"]
[BlackElo "2198"]
[PlyCount "45"]
[EventDate "2011.??.??"]

1. Nf3 f5 2. b4 d6 3. d4 Nf6 4. e3 g6 5. Bb2 Bg7 6. Nbd2 O-O 7. Bd3 e5 8. dxe5
Ng4 9. Nc4 d5 10. h3 Nh6 11. Ncd2 Nf7 12. c4 Nc6 13. Qb3 Be6 14. cxd5 Bxd5 15.
Bc4 Bxf3 16. Nxf3 Qe7 17. Rd1 Ncxe5 18. Bxe5 Bxe5 19. Nxe5 Qxe5 20. Rd7 Qe8 21.
Rxc7 Rc8 22. Rxb7 Kh8 23. Bxf7 1-0

[Event "21st World Senior Chess Championship"]
[Site "Rijeka"]
[Date "2011.11.16"]
[Round "2.17"]
[White "Kwatschewsky, Leo"]
[Black "Mishuchkov, Nikolai M"]
[Result "1/2-1/2"]
[WhiteElo "2194"]
[BlackElo "2418"]
[PlyCount "93"]
[EventDate "2011.11.15"]

1. d4 d6 2. Nf3 g6 3. e4 Nf6 4. Nc3 Bg7 5. Be2 O-O 6. O-O c6 7. a4 Bg4 8. h3
Bxf3 9. Bxf3 Nbd7 10. Be3 e5 11. d5 c5 12. Qd2 Ne8 13. Be2 a6 14. Bg5 Bf6 15.
Bxf6 Nexf6 16. Bg4 Rb8 17. Bxd7 Nxd7 18. a5 Nf6 19. Qe3 Nh5 20. Ne2 Qe7 21. Ra4
Rbe8 22. Ng3 Nf4 23. Ne2 Qd7 24. b3 Nh5 25. Ng3 Nf4 26. Ne2 Nh5 27. Ng3 Ng7 28.
Qh6 f6 29. Raa1 Qf7 30. Qd2 f5 31. exf5 gxf5 32. f4 e4 33. Rae1 h5 34. Re3 Kh7
35. Ne2 Rg8 36. Rg3 h4 37. Rg5 Nh5 38. Qe1 Ng3 39. Nxg3 Rxg5 40. fxg5 hxg3 41.
Qxg3 Qxd5 42. Qh4+ Kg8 43. Qh5 Qd4+ 44. Kh1 Rf8 45. Qg6+ Qg7 46. Qe6+ Rf7 47.
Qxd6 1/2-1/2

[Event "21st World Senior Chess Championship"]
[Site "Rijeka"]
[Date "2011.11.16"]
[Round "2.18"]
[White "Rajkovic, Dusan"]
[Black "Hohler, Peter"]
[Result "1-0"]
[WhiteElo "2416"]
[BlackElo "2193"]
[PlyCount "77"]
[EventDate "2011.11.15"]

1. d4 Nf6 2. c4 e6 3. Nf3 b6 4. g3 Ba6 5. Nbd2 Bb4 6. Qc2 O-O 7. Bg2 d5 8. b3
Nbd7 9. O-O Rc8 10. e4 c5 11. e5 Ne8 12. dxc5 Bxc5 13. a4 Qc7 14. Bb2 h6 15.
Rfd1 Bb7 16. Rac1 Qb8 17. Qd3 Nc7 18. Qe2 Rfd8 19. h4 dxc4 20. Nxc4 Nd5 21. Kh2
Nf8 22. Nd4 a6 23. h5 Ne7 24. f4 Bxg2 25. Qxg2 b5 26. axb5 axb5 27. Ne3 Qb6 28.
Qe4 Qb8 29. Ra1 Nd5 30. Nxd5 Rxd5 31. Ne2 Rcd8 32. Rxd5 Rxd5 33. Bc3 Qb6 34.
Ra8 Qb7 35. Rd8 Rd7 36. Qxb7 Rxb7 37. Rc8 Ba3 38. Kg2 Kh7 39. b4 1-0

[Event "21st World Senior Chess Championship"]
[Site "Rijeka"]
[Date "2011.11.16"]
[Round "2.19"]
[White "Danner, Georg"]
[Black "Ivanets, Vladimir"]
[Result "1/2-1/2"]
[WhiteElo "2406"]
[BlackElo "2192"]
[PlyCount "68"]
[EventDate "2011.11.15"]

1. d4 b6 2. Nf3 Nf6 3. e3 e6 4. Bd3 d5 5. O-O Nbd7 6. b3 Be7 7. Bb2 a5 8. c4
O-O 9. Nc3 Bb4 10. Ne2 Re8 11. Rc1 Bb7 12. cxd5 exd5 13. Ne5 Bd6 14. Qc2 Nxe5
15. dxe5 Rxe5 16. Bxe5 Bxe5 17. Ng3 g6 18. Be2 Qe7 19. Bf3 Bd6 20. Ne2 Rd8 21.
Rcd1 c5 22. g3 h5 23. Rfe1 Qc7 24. Nf4 Bxf4 25. exf4 d4 26. Bxb7 Qxb7 27. f5
Kg7 28. fxg6 fxg6 29. Re6 Rf8 30. Rde1 Rf7 31. R1e5 Qf3 32. Rd6 h4 33. Qe2 Qxe2
34. Rxe2 h3 1/2-1/2

[Event "21st World Senior Chess Championship"]
[Site "Rijeka"]
[Date "2011.11.16"]
[Round "2.20"]
[White "Montero Martinez, Cristhian"]
[Black "Van Riemsdijk, Herman C"]
[Result "0-1"]
[WhiteElo "2189"]
[BlackElo "2404"]
[PlyCount "126"]
[EventDate "2011.11.15"]

1. d4 c5 2. d5 Nf6 3. c4 b5 4. cxb5 a6 5. bxa6 g6 6. Nc3 Bxa6 7. Nf3 Bg7 8. g3
d6 9. Bg2 Nbd7 10. O-O O-O 11. Qc2 Qb6 12. Re1 Rfb8 13. h3 Ne8 14. Rb1 Nc7 15.
b3 Nb5 16. Nxb5 Bxb5 17. Bb2 Rxa2 18. Qc1 Rxb2 19. Rxb2 Bxb2 20. Qxb2 Bc4 21.
Nd2 Bxb3 22. Rb1 Ba4 23. Qc3 Qd8 24. Ra1 Bb5 25. Qe3 Nb6 26. Rb1 Ba6 27. h4 Nd7
28. Ra1 Rb6 29. h5 Nf6 30. Bf3 gxh5 31. Ne4 Nxe4 32. Bxe4 Qf8 33. Kg2 Bc8 34.
Qg5+ Qg7 35. Qxe7 Qxa1 36. Qd8+ Kg7 37. Qxb6 Qe5 38. Qb1 Ba6 39. Qc2 Qd4 40.
Bf3 h4 41. Qf5 h6 42. Bh5 Qf6 43. Qg4+ Kf8 44. Qxh4 Qxh4 45. gxh4 Bc4 46. e4 f5
47. Bg6 fxe4 48. Bxe4 Kf7 49. f4 Kf6 50. Kf2 Ba6 51. Ke3 Bc8 52. Bg2 Bf5 53.
Bf3 Kg6 54. Bd1 Bb1 55. Bg4 Bc2 56. Be2 Kf5 57. Bf3 Bb1 58. Be2 Bc2 59. Bf3 c4
60. Be2 Bd3 61. Bf3 Bb1 62. Bg2 Kg4 63. Kd4 Bd3 0-1

[Event "21st World Senior Chess Championship"]
[Site "Rijeka"]
[Date "2011.11.16"]
[Round "2.21"]
[White "Chernikov, Oleg L"]
[Black "Grabow, Pouelsten Holm"]
[Result "1-0"]
[WhiteElo "2402"]
[BlackElo "2181"]
[PlyCount "57"]
[EventDate "2011.11.15"]

1. d4 d5 2. c4 e6 3. Nc3 Nf6 4. Bg5 Be7 5. cxd5 exd5 6. e3 c6 7. Bd3 O-O 8. Qc2
Nbd7 9. Nf3 Re8 10. h3 Nf8 11. Bf4 Ng6 12. Bh2 Bd6 13. Bxd6 Qxd6 14. O-O b5 15.
Rab1 b4 16. Na4 a5 17. Qc5 Ne4 18. Qxd6 Nxd6 19. Rbc1 Ba6 20. Bxa6 Rxa6 21. Nd2
f5 22. Nc5 Ra7 23. Nd3 Ne4 24. Nf3 Re6 25. Rc2 Rf6 26. Rfc1 f4 27. exf4 Nxf4
28. Nxf4 Rxf4 29. Rxc6 1-0

[Event "21st World Senior Chess Championship"]
[Site "Rijeka"]
[Date "2011.11.16"]
[Round "2.24"]
[White "Katalymov, Boris"]
[Black "Sawadkuhi, Massoud Amir"]
[Result "1-0"]
[WhiteElo "2374"]
[BlackElo "2168"]
[PlyCount "65"]
[EventDate "2011.11.15"]

1. b4 e5 2. Bb2 Bxb4 3. Bxe5 Nf6 4. c4 O-O 5. Nf3 d5 6. e3 Re8 7. Nc3 dxc4 8.
Bxc4 Nc6 9. Bg3 Be6 10. Bxe6 Rxe6 11. Ng5 Re7 12. Rc1 Qd3 13. Qc2 Qa6 14. Nd5
Bxd2+ 15. Qxd2 Nxd5 16. Qxd5 Rd8 17. Rxc6 Rxd5 18. Rxa6 bxa6 19. h4 Ra5 20. O-O
f6 21. Nf3 c5 22. h5 Rd7 23. Rc1 Rd3 24. a4 Rd7 25. h6 gxh6 26. Bh4 Kg7 27. Rc4
Rd1+ 28. Kh2 Ra1 29. Rg4+ Kf7 30. Rf4 R1xa4 31. Rxf6+ Kg7 32. Rc6 Rb4 33. Bf6+
1-0

[Event "21st World Senior Chess Championship"]
[Site "Rijeka"]
[Date "2011.11.16"]
[Round "2.25"]
[White "Straub, Peter"]
[Black "Filipenko, Alexander V"]
[Result "0-1"]
[WhiteElo "2168"]
[BlackElo "2353"]
[PlyCount "60"]
[EventDate "2011.11.15"]

1. d4 d5 2. Nf3 Nf6 3. c4 c6 4. Nc3 e6 5. g3 Nbd7 6. Bg2 dxc4 7. a4 Bb4 8. O-O
O-O 9. Nd2 e5 10. Nxc4 exd4 11. Qxd4 Nc5 12. Qxd8 Rxd8 13. Bg5 Be6 14. Ne5 h6
15. Be3 a5 16. Rfd1 Bb3 17. Rxd8+ Rxd8 18. Bxc5 Bxc5 19. Nd3 Be7 20. Bf1 Nd7
21. Ne4 Bc2 22. Nd2 Nc5 23. Nxc5 Bxc5 24. Nc4 Bb4 25. Rc1 Bb3 26. Bh3 Bxa4 27.
Nb6 Bb3 28. Bc8 a4 29. Bf5 Rd2 30. Rb1 Bc5 0-1